Národní Památkový Ústav$bÚzemní Odborné Pracoviště$gLiberec. Sborník Národního Památkového Ústavu, Územního Odborného Pracoviště v Liberci. - V Liberci : [s.n.]. - 2007 [Rezension]

Titel: Národní Památkový Ústav$bÚzemní Odborné Pracoviště$gLiberec. Sborník Národního Památkového Ústavu, Územního Odborného Pracoviště v Liberci. - V Liberci : [s.n.]. - 2007 [Rezension]
Verfasser:
In: Fontes Nissae, Band 9 (2008), Seite 256-258
alle Artikel anzeigen
Veröffentlicht: 2008
Format: Aufsatz
Sprache: Tschechisch
Kein Bild verfügbar
X
alg: 39512345
001A    $01999:12-11-16 
001B    $01999:04-08-21 $t21:05:35.000 
001C    $06050:14-11-16 $t07:18:44.000 
001D    $01999:12-11-16 
001U    $0utf8 
001X    $00 
002@    $0Aox 
003@    $0395123453 
007A    $0395123453 $aHEB 
007T    $0Herdc0089338m 
010@    $acze 
011@    $a2008 
021A    $aNárodní Památkový Ústav$bÚzemní Odborné Pracoviště$gLiberec. Sborník Národního Památkového Ústavu, Územního Odborného Pracoviště v Liberci. - V Liberci : [s.n.]. -  2007 [Rezension] 
028A    $aHabánová $dAnna 
031A    $d9 $h256-258 $j2008 
039B    $aIn $8--Abvc--. Fontes Nissae. - Liberec, 2000-. - ISSN 1213-5097 $x200800000090000744 $910697646X 
039T    $8--Abvc--Národní Památkový Ústav$bÚzemní Odborné Pracoviště$gLiberec [Tb1]. Sborník Národního Památkového Ústavu, Územního Odborného Pracoviště v Liberci. - V Liberci, 2006-2008 $9200304712 
045F    $a900.94371 $eDDC23BSB 
045F/01 $a900 
045F/03 $g4371 
045T    $a7,41 

lok: 39512345 78

exp: 39512345 78 1 #EPN
201B/01 $026-11-17 $t03:59:54.000 
201U/01 $0utf8 
203@/01 $0791422100 
208@/01 $a12-11-16 $be 
209A/01 $a/ $f000 $x00 
220C/01 $aTitelaufnehmer: pg 
220C/01 $aHerkunft: Hú Av Čr Praha 
244Z/01 $#Tschechien $#Tschechische Republik $#Tschechische Republik $#Tschechenland $#Tschechei Tschechien $#Česká Republika $#Czech Republic $#ČR $74303381-7 $8--Tg1--Tschechien $x01 $9086659812 
244Z/01 $2Trx $#Böhmen $#Bohemia $#Czechy $8--Trx--Čechy $x02 $9391188941 
244Z/01 $2Trx $#arvustused $#recenzijos $#Reviews $#recenziók $#recenzje $#recenzie $#recenze $8--Trx--Rezensionen $x03 $9391357441 
247C/01 $82080>Marburg/Lahn, Herder-Institut, Forschungsbibliothek, Bibliographieportal $9336309341
LEADER 00000caa a22000002c 4500
001 395123453
003 DE-603
005 20210804210535.0
007 tu
008 161112s2008 xx |||| | u00||u|cze c
035 |a (DE-599)HEB395123453 
040 |a DE-603  |b ger  |c DE-603  |d DE-603 
041 |a cze 
082 0 4 |8 1\u  |a 900.94371  |q DE-101  |2 23/BSB 
084 |a 7,41  |2 ssgn 
085 |8 1\u  |b 900 
085 |8 1\u  |z 2  |s 4371 
100 1 |a Habánová, Anna 
245 0 0 |a Národní Památkový Ústav$bÚzemní Odborné Pracoviště$gLiberec. Sborník Národního Památkového Ústavu, Územního Odborného Pracoviště v Liberci. - V Liberci : [s.n.]. - 2007 [Rezension] 
264 0 |c 2008 
773 0 8 |i In  |t Fontes Nissae  |d Liberec, 2000-  |x 1213-5097  |g Band 9 (2008), Seite 256-258  |w (DE-603)10697646X  |w (DE-600)2087527-7 
787 0 8 |i Rezension von  |a Národní Památkový Ústav. Územní Odborné Pracoviště (Liberec)  |t Sborník Národního Památkového Ústavu, Územního Odborného Pracoviště v Liberci  |d V Liberci, 2006-2008  |w (DE-603)200304712  |w (DE-600)2433125-9 
924 0 |9 2080  |a (DE-603)791422100  |b DE-2080  |c HES  |d d  |g /